Computational Methods For Fluid Dynamics (Record no. 27001)

MARC details
000 -LEADER
fixed length control field 00407nam a22001697a 4500
003 - CONTROL NUMBER IDENTIFIER
control field OSt
005 - DATE AND TIME OF LATEST TRANSACTION
control field 20220114101958.0
008 - FIXED-LENGTH DATA ELEMENTS--GENERAL INFORMATION
fixed length control field 220114b |||||||| |||| 00| 0 eng d
020 ## - INTERNATIONAL STANDARD BOOK NUMBER
International Standard Book Number 3540653732
040 ## - CATALOGING SOURCE
Transcribing agency HU
082 ## - DEWEY DECIMAL CLASSIFICATION NUMBER
Classification number 532.05015194
100 ## - MAIN ENTRY--PERSONAL NAME
Personal name Ferziger J.H.
9 (RLIN) 27966
245 ## - TITLE STATEMENT
Title Computational Methods For Fluid Dynamics
260 ## - PUBLICATION, DISTRIBUTION, ETC.
Place of publication, distribution, etc. New York
Name of publisher, distributor, etc. New York
300 ## - PHYSICAL DESCRIPTION
Type of unit 389
942 ## - ADDED ENTRY ELEMENTS (KOHA)
Source of classification or shelving scheme Dewey Decimal Classification
Koha item type Books like text book referance book
Suppress in OPAC No
Holdings
Withdrawn status Lost status Source of classification or shelving scheme Damaged status Not for loan Home library Current library Shelving location Date acquired Total Checkouts Full call number Barcode Date last seen Copy number Price effective from Koha item type
    Dewey Decimal Classification     IoT Library IoT Library General Stacks 01/14/2022   532.05015194FER/1999 IOTL0004682 01/14/2022 1 01/14/2022 Books like text book referance book
    Dewey Decimal Classification     IoT Library IoT Library General Stacks 01/14/2022   532.05015194FER/1999 IOTL0004683 01/14/2022 2 01/14/2022 Books like text book referance book
    Dewey Decimal Classification     IoT Library IoT Library General Stacks 01/14/2022   532.05015194FER/1999 IOTL0004684 01/14/2022 3 01/14/2022 Books like text book referance book
    Dewey Decimal Classification     IoT Library IoT Library General Stacks 01/14/2022   532.05015194FER/1999 IOTL0004685 01/14/2022 4 01/14/2022 Books like text book referance book
    Dewey Decimal Classification     IoT Library IoT Library General Stacks 01/14/2022   532.05015194FER/1999 IOTL0004686 01/14/2022 5 01/14/2022 Books like text book referance book
    Dewey Decimal Classification     IoT Library IoT Library General Stacks 01/14/2022   532.05015194FER/1999 IOTL0004687 01/14/2022 6 01/14/2022 Books like text book referance book